00797cam a2200217 a 4500020001800000020001500018020001800033020001500051040000800066082002600074245010500100260006100205300003200266520017100298650001800469650001600487650001800503650001600521700002200537700002000559 a9781848448513 a1848448511 a9789251062210 a9251062218 cDLC a338 FAO 2010 A042 Or.00aFood security in Africa :bmarket and trade policy for staple foods in Eastern and southern Africa / aCheltenham ; Northampton, MA :bEdward Elgar Pub.,c2010 axi, 423 p. :bill. ;c24 cm8 aThe editors and contributors to this volume bring a variety of theoretical, analytical and informed case study approaches to bear on the African food security problem 0aFood security 0aFood supply 0aFood security 0aFood supply1 aSarris, Alexander1 aMorrison, Jamie